[Event "Candidates Tournament"]
[Site "Khanty-Mansiysk"]
[Date "2014.03.25"]
[Round "10"]
[White "Aronian, Levon"]
[Black "Topalov, Veselin"]
[Result "1/2-1/2"]
[WhiteElo "2830"]
[BlackElo "2785"]
[Annotator "Roiz,M"]
[PlyCount "90"]
[EventDate "2014.03.13"]
[EventType "tourn"]
[EventRounds "14"]
[EventCountry "RUS"]
[EventCategory "21"]
[SourceTitle "CBM 160"]
[Source "ChessBase"]
[SourceDate "2014.05.15"]
[SourceVersion "1"]
[SourceVersionDate "2014.05.15"]
[SourceQuality "1"]

1. d4 d5 2. c4 c6 3. Nf3 Nf6 4. Nc3 a6 5. e3 Bf5 6. Bd3 {A solid way to fight
for a small edge without taking much risk.} Bxd3 7. Qxd3 e6 8. O-O Bb4 {
Preventing White from pushing e3-e4 at the early stage of the game. In many
cases Black may even be able to afford to give up the dark-squared bishop.} 9.
Bd2 O-O 10. Rfd1 {A tricky waiting move. The natural 10...Nbd7? would be a
tactical blunder: 11.Nxd5! Nxd5 12.cxd5 Bxd2 13.dxe6 and White wins a pawn.} ({
Also worth considering is} 10. a3 $5 Bxc3 11. Bxc3 (11. bxc3 b5 12. cxd5 exd5
13. a4 Nbd7 $11) 11... Nbd7 12. Nd2 c5 13. dxc5 Nxc5 14. Qe2 dxc4 15. Nxc4 Nd5
16. Be5 b5 17. Nd2 Rc8 {and White is marginally better here.}) 10... a5 (10...
Ba5 $5) 11. a3 Be7 (11... Bxc3 $6 {In this version this decision seem dubious:}
12. bxc3 $1 Nbd7 13. cxd5 cxd5 14. c4 $14 {and we can clearly see a drawback
to the weakening 10...a5.}) 12. e4 dxe4 13. Nxe4 Nxe4 {Black's position lacks
some space, so exchanging one pair of knights may definitely ease his task.} (
13... Nbd7 14. Nc3 $1 {potentially may be more dangerous for Black. For
instance,} Qb6 15. Bf4 a4 16. h3 Qa6 17. Rac1 Rad8 18. Qf1 h6 19. d5 $14 {
1-0 Bacrot,E (2691)-Rausis,I (2486)/Liverpool 2008/CBM 126 Extra (35)}) 14.
Qxe4 Nd7 15. Bf4 $146 {A natural novelty. The bishop was blocking the d-file,
so White finds the best square for it.} (15. a4 Qb6 16. Bf4 Rfe8 17. Qe2 {
1-0 Papp,P (2316)-Bird,A (2205)/Kecskemet HUN 2013 (50)} c5 18. d5 exd5 19.
Rxd5 Nf6 $11) (15. Bc3 Nf6 16. Qe2 Qc7 $11) 15... Re8 {A standard prophylactic
move. Black is not only protecting the bishop, but also freeing a way for the
route Nd7-f8-g6.} ({Veselin could hardly improve on his play at this stage:} 
15... Qb6 16. Qc2 Rfd8 17. Rd3 c5 18. d5 exd5 19. Rxd5 Nf6 (19... Nf8 20. Rad1
Ng6 21. Bg3 Rxd5 22. cxd5 $14) 20. Rxd8+ Rxd8 21. Re1 Bd6 22. Bd2 $14 {with
stable pressure.}) 16. Qc2 ({Levon could also try} 16. Rd3 $5 a4 (16... Qb6 17.
Qe2 Qa6 18. Re3 b5 19. Re1 $14) (16... Nf6 17. Qe2 a4 18. Rad1 Qa5 19. Ne5 Rad8
20. h4 $14) 17. Rad1 Qb6 18. Qe2 Rad8 19. Re3 $14 {Preventing the freeing
c6-c5 for a while.}) 16... Qb6 17. Rd3 ({There was also the interesting} 17. c5
$5 Qa6 18. Rd3 Rad8 19. Rad1 {White has a serious space advantage and a clear
plan of delivering the knight to d6. Black's control over the d5-square
doesn't fully compensate for those factors.} Nf6 (19... a4 20. h3 Nf6 21. Ne5
Rd5 (21... Nd5 22. Bg3 {followed by 23.Nc4 with some advantage.}) 22. Nc4 $14)
20. Ne5 Nd5 21. Bg3 Bf6 22. Nc4 $14) 17... c5 18. d5 (18. Rad1 cxd4 19. Rxd4
Nc5 20. Be3 Red8 $11) 18... Bf6 (18... exd5 19. Rxd5 Nf8 20. Rad1 Rad8 21. Be5
Ng6 22. Bc3 Bf6 23. Qd2 Rxd5 24. cxd5 Bxc3 25. bxc3 $14) 19. Rad1 $6 {This
natural move allows Black to regroup the pieces.} ({That seems the last moment
to pose Black any problems:} 19. Rb3 $1 {after any retreat the queen would be
misplaced, so Black lacks harmony:} Qa7 (19... Qa6 20. Rd1 exd5 21. Rxd5 a4 (
21... Nf8 22. Rd6 Qa7 23. Rdb6 Re7 24. Bd6 $16) 22. Re3 Qc6 23. Qf5 $14) 20. a4
(20. Rd1 exd5 21. Rxd5 Nf8 {is close to equality too.}) 20... exd5 21. cxd5
Rac8 22. Rc1 b6 23. Re3 $14) 19... exd5 20. Rxd5 (20. cxd5 $6 {is unsuccessful
from a human point of view, since after} a4 21. R3d2 Qb3 {Black has a
comfortable position,while the passed Pd5 may become weak soon.}) 20... Nf8 21.
R1d2 {Protecting the Pb2, but Black gets some tactical resources, as it
weakens the 1st rank.} ({However, it looks like in case of} 21. Be5 Bxe5 22.
Nxe5 Rad8 23. g3 Rxd5 24. Rxd5 Qc7 25. Qf5 b6 $11 {Black should easily
equalise too .}) 21... Ne6 $11 22. Rd6 (22. Be3 Rad8 23. g3 h6 $11) 22... Qc7
23. Bg3 $6 {Levon is allowing too much activity.} ({A more accurate try would
be} 23. Rxe6 Qxf4 24. Rxe8+ Rxe8 25. Rd5 $11) 23... Nd4 $1 24. Qd1 $1 {
Switching to a precise defence.} (24. Qd3 Qe7 25. h3 Rad8 26. Nxd4 Rxd6 27.
Bxd6 Qe1+ 28. Kh2 Bxd4 $15) 24... Qe7 ({After} 24... Nxf3+ 25. gxf3 Qc8 26. Kg2
Bd4 27. Re2 $11 {Black can hardly exploit any drawback in White's kingside
pawn structure.}) 25. h3 Rad8 26. Rxd8 ({Levon could also simplify the
position:} 26. Nxd4 Rxd6 (26... cxd4 27. c5 $11) (26... Qe1+ 27. Qxe1 Rxe1+ 28.
Kh2 Rxd6 29. Bxd6 Bxd4 30. b4 $11) 27. Bxd6 Qe1+ 28. Qxe1 Rxe1+ 29. Kh2 Bxd4
30. b4 $11) 26... Rxd8 27. Nxd4 cxd4 {Veselin chooses the ambitious way, but
White is able to stop the passed pawn.} (27... Bxd4 $5 {requires some accuracy
as well:} 28. Qe2 (28. b4 b6 29. bxa5 bxa5 30. Kf1 Qe6 31. Qe2 Qb6 $15) 28...
Qd7 29. Bf4 Re8 30. Be3 Re4 31. Qf3 Qe6 32. Bxd4 cxd4 33. b3 $11) 28. a4 $1 {
An important move - fixing the pawn structure may tell in the edngame.} h5 (
28... Re8 29. Kf1 Qc5 30. b3 h5 31. f3 $11) 29. b3 h4 30. Bf4 g5 $6 {This move
doesn't change the objective valuation, but after exposing the king Black
should be careful as well.} (30... Re8 31. Kf1 g5 32. Bh2 $11) 31. Re2 $1 {
Taking control over the e-file.} Qc5 32. Bd2 Qf5 33. Re1 b6 $1 {Correctly
deviating from the most tempting advance.} (33... d3 34. Qh5 Kg7 35. f4 Qg6 36.
Qg4 gxf4 37. Qxf4 Rd4 38. Qf3 $14) 34. Qf3 {Going into an equal endgame.} ({
The strong passed pawn is too strong, so White couldn't create any serious
threats:} 34. Qh5 Qd3 35. Rd1 (35. Bxg5 $6 Qf5 36. f4 d3 $15) 35... Qc2 36.
Bxg5 Qf5 37. f4 d3 $11) 34... Qxf3 35. gxf3 Kg7 36. Kf1 (36. f4 gxf4 37. Bxf4
d3 38. Rd1 Rd7 39. Be3 Rd6 40. Kg2 Kg6 41. Kf3 Kf5 $11) 36... Kg6 37. Re4 Kf5
38. Ke2 d3+ $1 {Just in time! Black shouldn't allow 39.Kd3.} 39. Kd1 Bd4 40.
Rg4 ({Or} 40. Be3 Bc5 $1 41. Kd2 Bb4+ 42. Kd1 Bc5 $11) 40... f6 41. f4 gxf4 42.
Rxf4+ Ke5 43. f3 ({White could try} 43. Rxh4 Bxf2 44. Bc3+ Kf5 45. Rh5+ {
but it doesn't give any realistic hopes either:} Ke6 ({or} 45... Ke4 46. Bxf6
Rf8 47. Re5+ Kf4 48. Be7 Re8 49. Re6 Kf5 50. Rf6+ Ke4 51. Rf7 Be3 $11 {with
sufficient counterplay.}) 46. Rd5 $1 Rxd5 47. cxd5+ Kxd5 48. Bxf6 b5 49. axb5
Kc5 50. Kd2 Kxb5 51. Kxd3 a4 52. bxa4+ Kxa4 $11) 43... Bf2 44. Rg4 Kf5 45. Rf4+
Ke5 1/2-1/2

[Event "Candidates Tournament"]
[Site "Khanty-Mansiysk"]
[Date "2014.03.25"]
[Round "10"]
[White "Karjakin, Sergey"]
[Black "Andreikin, Dmitry"]
[Result "1/2-1/2"]
[WhiteElo "2766"]
[BlackElo "2709"]
[Annotator "ChessBase Website"]
[PlyCount "58"]
[EventDate "2014.03.13"]
[EventType "tourn"]
[EventRounds "14"]
[EventCountry "RUS"]
[EventCategory "21"]
[SourceTitle "CBM 160"]
[Source "ChessBase"]
[SourceDate "2014.05.15"]
[SourceVersion "1"]
[SourceVersionDate "2014.05.15"]
[SourceQuality "1"]
[TimeControl "40/7200:20/3600:900+30"]
[WhiteClock "0:59:26"]
[BlackClock "0:56:56"]

1. e4 {[%emt 0:00:03]} c5 {[%emt 0:00:10]} 2. Nf3 {[%emt 0:00:05]} e6 {[%emt 0:
00:07]} 3. d4 {[%emt 0:00:05]} cxd4 {[%emt 0:00:04]} 4. Nxd4 {[%emt 0:00:06]}
Nc6 {[%emt 0:00:09]} 5. Nc3 {[%emt 0:00:08]} a6 {[%emt 0:00:06] Karjakin's
approach to the Paulsen, which was basically trade all the pieces, didn't
promise him any advantage and the game quickly reached an equal endgame. It
wasn't a dead draw yet, ideas still existed for both sides, but neither tried
particularly hard.} 6. Nxc6 {[%emt 0:01:30]} bxc6 {[%emt 0:00:10]} 7. Qd3 {
[%emt 0:00:32]} Qc7 {[%emt 0:00:11]} 8. Qg3 {[%emt 0:02:13]} Qxg3 {[%emt 0:00:
11]} 9. hxg3 {[%emt 0:00:07]} d5 {[%emt 0:00:05]} 10. g4 {[%emt 0:01:47]} Rb8 {
[%emt 0:08:55]} 11. g5 {[%emt 0:02:16]} f6 {[%emt 0:01:36]} 12. gxf6 {[%emt 0:
27:48]} Nxf6 {[%emt 0:00:43]} 13. e5 $146 {[%emt 0:00:48]} (13. Bd3 Bd6 14. O-O
O-O 15. Re1 Bc5 16. exd5 cxd5 17. Na4 Bd6 18. b3 e5 19. f3 Bd7 20. Bd2 Rbc8 21.
Nb6 Bc5+ 22. Be3 Bxe3+ 23. Rxe3 Rc6 24. Nxd7 Nxd7 25. c4 d4 26. Re2 a5 27. Be4
Rc7 28. Bd5+ Kh8 29. a3 h6 30. b4 axb4 31. axb4 Nb6 32. Rxe5 {1/2-1/2 (32)
Karjakin,S (2721)-Mamedyarov,S (2725) Baku 2009}) 13... Nd7 {[%emt 0:15:07]}
14. f4 {[%emt 0:00:22]} Nc5 {[%emt 0:00:07]} 15. Rh3 {[%emt 0:23:01]} a5 {
[%emt 0:03:08]} 16. b3 {[%emt 0:08:30]} Ba6 {[%emt 0:05:51]} 17. Bxa6 {[%emt 0:
09:11]} Nxa6 {[%emt 0:00:06]} 18. Na4 {[%emt 0:00:11]} Rb4 {[%emt 0:05:39]} 19.
Bd2 {[%emt 0:07:56]} Re4+ {[%emt 0:01:21]} 20. Kf1 {[%emt 0:00:15]} Bb4 {
[%emt 0:08:27]} 21. c3 {[%emt 0:00:20]} Ba3 {[%emt 0:01:03]} 22. Re1 {[%emt 0:
00:35]} Rxe1+ {[%emt 0:00:55]} 23. Kxe1 {[%emt 0:00:08]} O-O {[%emt 0:00:22]}
24. Ke2 {[%emt 0:06:50]} h6 {[%emt 0:04:21]} 25. Rg3 {[%emt 0:02:45]} Kf7 {
[%emt 0:01:34]} 26. Rh3 {[%emt 0:00:18]} Kg6 {[%emt 0:01:26]} 27. Rg3+ {
[%emt 0:00:06]} Kf7 {[%emt 0:00:05]} 28. Rh3 {[%emt 0:01:15]} Kg6 {[%emt 0:00:
07]} 29. Rg3+ {[%emt 0:00:04]} Kf7 {[%emt 0:00:08]} 1/2-1/2

[Event "Candidates Tournament"]
[Site "Khanty-Mansiysk"]
[Date "2014.03.26"]
[Round "11"]
[White "Kramnik, Vladimir"]
[Black "Anand, Viswanathan"]
[Result "1/2-1/2"]
[WhiteElo "2787"]
[BlackElo "2770"]
[Annotator "Marin,M"]
[PlyCount "61"]
[EventDate "2014.03.13"]
[EventType "tourn"]
[EventRounds "14"]
[EventCountry "RUS"]
[EventCategory "21"]
[SourceTitle "CBM 160"]
[Source "ChessBase"]
[SourceDate "2014.05.15"]
[SourceVersion "1"]
[SourceVersionDate "2014.05.15"]
[SourceQuality "1"]
[TimeControl "40/7200:20/3600:900+30"]
[WhiteClock "0:59:26"]
[BlackClock "0:56:56"]

1. d4 {[%emt 0:00:03]} Nf6 {[%emt 0:00:12]} 2. c4 {[%emt 0:00:07]} e6 {[%emt 0:
00:07]} 3. Nf3 {[%emt 0:00:35]} d5 {[%emt 0:00:33]} 4. g3 {[%emt 0:01:24]} Be7
{[%emt 0:01:37]} 5. Bg2 {[%emt 0:00:20]} O-O {[%emt 0:00:14]} 6. O-O {[%emt 0:
00:09]} dxc4 {[%emt 0:00:12]} 7. Ne5 {[%emt 0:05:29]} Nc6 {[%emt 0:03:15]} 8.
Bxc6 {[%emt 0:00:06]} bxc6 {[%emt 0:00:07]} 9. Nxc6 {[%emt 0:00:04]} Qe8 {
[%emt 0:00:08]} 10. Nxe7+ {[%emt 0:00:04]} Qxe7 {[%emt 0:00:08]} 11. Na3 {
[%emt 0:00:14] This way of developing the knight to retrieve the pawn is
common in the Catalan, but mainly in positions where ...Bxa3 is possible.
Curiously, in this position, in which there is no black dark-squared bishop
anymore, it is quite rare.} (11. Qc2 {Kramnik,V (2810)-Carlsen,M (2872) London
2013 (1/2-1/2, 41)}) 11... c5 {[%emt 0:13:40] Taking into account the surprise,
Anand played relatively fast, after less than a quarter of an hour. Back
immediately gets rid of his backward pawn.} (11... Rd8 {is a logical
alternative, but it offers White chances to retain the better striucture while
more or less neutralising Black's play on the light squares.} 12. Qc2 Ba6 (
12... Rxd4 13. Be3 Rd5 14. Nxc4 {[%cal Gf2f3,Gb2b3]}) 13. Nxc4 Rxd4 14. Ne5 Rd5
(14... Bb7 15. Nc6 Bxc6 16. Qxc6 $14) 15. Qc6 Rad8 16. Qxa6 $14) 12. dxc5 {
[%emt 0:01:50]} Qxc5 {[%emt 0:02:02]} 13. Be3 {[%emt 0:00:07]} Qh5 {[%emt 0:16:
39] Played after 16 minutes. Black had a relatively wide choice, indeed.} (
13... Qc7 14. Rc1 Ba6 15. Qa4 Qb7 16. Nxc4 Bxc4 17. Qxc4 Qxb2 18. Bd4 $14) (
13... Qc6 14. Rc1 Ba6 15. Nxc4 Bxc4 16. b3 Bxb3 17. Rxc6 Bxd1 18. Rxd1 $14) (
13... Qb4 $5 {Omelka,R (2115)-Dobes,V (2061) Czechia 2011 (1/2-1/2, 40)}) 14.
f3 {[%emt 0:01:34]} (14. Nxc4 Ba6 15. b3 Ng4 16. h4 Nxe3 17. fxe3 Rad8 18. Qc2
Bb7 $36) 14... c3 $1 {[%emt 0:05:48][%csl Ra3] The point of the previous move.
It is not really unusual for Black to have a pawn less in the 7.Ne5 variation.
Due to the somewhat awkward position of the a3-knight and the vulnerable
c-pawn, Black has good chances of maintaining aproximate equality by dynamic
means. Compare also with c5-c6 from Karjakin-Anand.} 15. bxc3 {[%emt 0:02:57]}
Qa5 {[%emt 0:01:50]} 16. Qc1 {[%emt 0:12:21]} Ba6 {[%emt 0:02:37][%csl Rc3]
[%cal Ga8c8]} 17. c4 {[%emt 0:03:12]} Rac8 {[%emt 0:03:12] (!!) Choosing the
right rook for a certain file is one of the most difficult issues in chess.
Anand rightly decides that he will need the other rook on the d-file. And
remarkably, he used only 3 minutes on his last move, although it leaves the
a7-pawn undefended!} (17... Rfc8 {would offer White chances to keep his extra
pawn and a relatively active position.} 18. Rd1 Nd5 19. Rd4 Rc6 20. Kg2 Rac8
21. Bd2 Qb6 22. Rh4 $14) 18. Bxa7 $11 {[%emt 0:26:34] After nearly half an
hour, Kramnik decides to liquidate into a draw.} ({After} 18. Rd1 Nd5 19. Rd4 {
the difference is revealed by} Rfd8 $1 {The latent pressure on the d-file
restricts White's active possibilities.} 20. Bf2 (20. Kg2 $4 Nxe3+ 21. Qxe3
Rxd4 22. Qxd4 Qxa3 $19) (20. Rd3 $5 Nxe3 21. Rxd8+ Rxd8 22. Qxe3 Rd2) 20... h6
$5 {Just a useful waiting move. For instance,} 21. Kg2 {would expose the king
slightly, adding effect to} e5 {(again, this would not be possible without a
rook on d8).} 22. Rd3 e4 $132) 18... Bxc4 {[%emt 0:02:55]} 19. Nxc4 {[%emt 0:
00:18]} Qxa7+ {[%emt 0:00:10]} 20. Qe3 {[%emt 0:00:06]} Qa6 {[%emt 0:00:45]}
21. Ne5 {[%emt 0:08:06] Two rounds later, in the aforementioned game with
Karjakin, Anand once again got a position in which White's extra a2-pawn was
not too relevant. Only that here it will liquidate rather soon into a 0.00
position.} Rc2 {[%emt 0:00:50][%csl Gc2]} 22. Nd3 {[%emt 0:07:32]} Nd5 {
[%emt 0:02:06]} 23. Qf2 {[%emt 0:04:01]} Rxa2 {[%emt 0:07:37]} 24. Rxa2 {
[%emt 0:00:09]} Qxa2 {[%emt 0:00:07]} 25. e4 {[%emt 0:00:11]} Qa3 {[%emt 0:00:
26]} 26. exd5 {[%emt 0:00:16]} Qxd3 {[%emt 0:00:08]} 27. dxe6 {[%emt 0:00:18]}
fxe6 {[%emt 0:00:06]} 28. Qe1 {[%emt 0:00:41]} Qd5 {[%emt 0:00:17]} 29. Qe3 {
[%emt 0:00:19]} h6 {[%emt 0:00:10]} 30. Re1 {[%emt 0:00:06]} Rxf3 {[%emt 0:00:
07]} 31. Qxe6+ {[%emt 0:00:03]} 1/2-1/2

[Event "Candidates Tournament"]
[Site "Khanty-Mansiysk"]
[Date "2014.03.26"]
[Round "11"]
[White "Svidler, Peter"]
[Black "Aronian, Levon"]
[Result "1/2-1/2"]
[WhiteElo "2758"]
[BlackElo "2830"]
[Annotator "ChessBase Website"]
[PlyCount "65"]
[EventDate "2014.03.13"]
[EventType "tourn"]
[EventRounds "14"]
[EventCountry "RUS"]
[EventCategory "21"]
[SourceTitle "CBM 160"]
[Source "ChessBase"]
[SourceDate "2014.05.15"]
[SourceVersion "1"]
[SourceVersionDate "2014.05.15"]
[SourceQuality "1"]
[TimeControl "40/7200:20/3600:900+30"]
[WhiteClock "0:59:26"]
[BlackClock "0:56:56"]

1. Nf3 {[%emt 0:00:06]} d5 {[%emt 0:00:11]} 2. g3 {[%emt 0:00:05]} Bg4 {
[%emt 0:00:14]} 3. Bg2 {[%emt 0:00:08]} e6 {[%emt 0:00:06]} 4. c4 {[%emt 0:02:
24]} c6 {[%emt 0:00:05]} 5. cxd5 {[%emt 0:03:14]} Bxf3 {[%emt 0:00:40]
Svidler's Reti set-up was anything but dangerous to Aronian. Using a well
known plan to gift the pair of bishops in return for a symmetrical position
with no weaknesses Aronian was able to hold equality with almost no problems.
Only one open file meant that all the major pieces were traded off on the c1
square and the ensuing endgame with two bishops against a knight and a bishop
gave just a symbolic advantage to the Russian player who decided not to press
the issue too much.} 6. Bxf3 {[%emt 0:00:09]} cxd5 {[%emt 0:00:03]} 7. O-O {
[%emt 0:03:04]} Nf6 {[%emt 0:00:09]} 8. Nc3 {[%emt 0:02:08]} Nc6 {[%emt 0:00:
34]} 9. d4 {[%emt 0:01:11]} Be7 {[%emt 0:00:14]} 10. e3 {[%emt 0:01:36]} O-O {
[%emt 0:00:06]} 11. Bd2 {[%emt 0:00:11]} Qd7 {[%emt 0:00:10]} 12. Rc1 $146 {
[%emt 0:02:08]} (12. Qe2 Rac8 13. Bg2 Bb4 14. Rfc1 Na5 15. a3 Bxc3 16. Rxc3
Rxc3 17. Bxc3 Nb3 18. Rd1 a5 19. f3 b5 20. Bf1 Rb8 21. Qc2 a4 22. Bb4 Ne8 23.
Rd3 g6 24. Rc3 Kg7 25. Rc6 Qd8 26. Kg2 Na5 27. Rc5 Nd6 28. Qc3 Nac4 29. Kf2 Qf6
30. Bd3 Nf5 31. Bxc4 bxc4 32. Ra5 g5 33. Kg2 Qg6 34. Rxa4 g4 35. f4 Nxe3+ 36.
Qxe3 Qc2+ 37. Kg1 Qxa4 38. Qe5+ f6 39. Qxb8 Qd1+ 40. Kg2 Qc2+ 41. Kg1 Qb1+ {
Neckar,L (2337)-Tichy,V (2260) Czechia 2010 1/2-1/2}) 12... Rfc8 {[%emt 0:00:
16]} 13. Bg2 {[%emt 0:05:05]} Ne8 {[%emt 0:03:47]} 14. Qe2 {[%emt 0:07:47]} Nd6
{[%emt 0:06:48]} 15. Rfd1 {[%emt 0:00:13]} Bd8 {[%emt 0:01:49]} 16. Be1 {
[%emt 0:06:06]} Ne7 {[%emt 0:02:59]} 17. b3 {[%emt 0:05:30]} Rc6 {[%emt 0:19:
43][%cal Ga8c8] Svidler was probably not too happy with Aronian's ultra solid
choice} 18. Na4 {[%emt 0:01:13]} Rac8 {[%emt 0:01:13]} 19. Nc5 {[%emt 0:03:51]}
Qe8 {[%emt 0:01:35]} 20. Qb2 {[%emt 0:03:06]} R6c7 {[%emt 0:18:32]} 21. a4 {
[%emt 0:05:34]} Nc6 {[%emt 0:02:53]} 22. b4 {[%emt 0:08:06]} Nb8 {[%emt 0:05:
16]} 23. b5 {[%emt 0:06:44] He pushed all his queenside pawns, but even that
expansion didn't amount to any advantage} Be7 {[%emt 0:00:25]} 24. Qb1 {
[%emt 0:03:54]} Nd7 {[%emt 0:07:51]} 25. Nd3 {[%emt 0:05:04]} Rxc1 {[%emt 0:06:
40]} 26. Rxc1 {[%emt 0:00:11]} Rxc1 {[%emt 0:00:14]} 27. Qxc1 {[%emt 0:01:09]}
Nb6 {[%emt 0:00:51]} 28. Qd1 {[%emt 0:05:20]} Qc8 {[%emt 0:03:09]} 29. Bf1 {
[%emt 0:00:25]} Bf8 {[%emt 0:05:22]} 30. Ne5 {[%emt 0:03:12]} Nbc4 {[%emt 0:02:
38]} 31. Nxc4 {[%emt 0:00:57]} Nxc4 {[%emt 0:00:07]} 32. Qc2 {[%emt 0:01:45]}
Nb6 {[%emt 0:01:48]} 33. Qxc8 1/2-1/2